|
|
|
|
| LEADER |
01322nam a2200349Ia 4500 |
| 001 |
EBC483512 |
| 003 |
MiAaPQ |
| 005 |
20200520144314.0 |
| 006 |
m o d | |
| 007 |
cr cn||||||||| |
| 008 |
090529s2010 nju sb 001 0 eng d |
| 010 |
|
|
|z 2009021744
|
| 020 |
|
|
|z 9780691125596 (hardback : alk. paper)
|
| 035 |
|
|
|a (MiAaPQ)EBC483512
|
| 035 |
|
|
|a (Au-PeEL)EBL483512
|
| 035 |
|
|
|a (CaPaEBR)ebr10364719
|
| 035 |
|
|
|a (CaONFJC)MIL245872
|
| 035 |
|
|
|a (OCoLC)592756165
|
| 040 |
|
|
|a MiAaPQ
|c MiAaPQ
|d MiAaPQ
|
| 050 |
|
4 |
|a HF1379
|b .D385 2010
|
| 100 |
1 |
|
|a Davidson, Carl,
|d 1957-
|
| 245 |
1 |
0 |
|a International trade with equilibrium unemployment
|h [electronic resource] /
|c Carl Davidson and Steven J. Matusz.
|
| 260 |
|
|
|a Princeton, NJ :
|b Princeton University Press,
|c 2010.
|
| 300 |
|
|
|a xvii, 412 p.
|
| 504 |
|
|
|a Includes bibliographical references and index.
|
| 533 |
|
|
|a Electronic reproduction. Ann Arbor, MI : ProQuest, 2015. Available via World Wide Web. Access may be limited to ProQuest affiliated libraries.
|
| 650 |
|
0 |
|a International trade.
|
| 650 |
|
0 |
|a Unemployment.
|
| 655 |
|
4 |
|a Electronic books.
|
| 700 |
1 |
|
|a Matusz, Steven J.
|q (Steven Joseph),
|d 1956-
|
| 710 |
2 |
|
|a ProQuest (Firm)
|
| 856 |
4 |
0 |
|u https://ebookcentral.proquest.com/lib/matrademy/detail.action?docID=483512
|z Click to View
|